000 01655nam a2200349 i 4500
001 768714001
003 CO-MdFUSB
005 20240618062721.0
007 ta
008 210824t1991 ck |||| |||| 00| 0 spa d
020 _a[No incluye ISBN]
040 _aCO-MdFUSB
_bspa
_cCO-MdFUSB
_dCO-MdFUSBC
_erda
041 _aspa
082 _223
_a269.2
_bH821
100 _aHortelano, Antonio. ‎
_eautor
245 1 _aEtica y nueva evangelizacion :
_baportes a la teologia de la mision
_c/ Antonio Hortelano , Francisco Moreno Rejón , Ernesto Samper , Roberto Tisnes
264 1 _aColombia :
_bInstituto de Teología Misionera,
_c[1991]
264 4 _c© 1991
300 _a108 páginas
_c; 21 cm
336 _2rdacontent
_atexto
_btdi
337 _2rdamedia
_asin mediación
_bn
338 _2rdacarrier
_avolumen
_bnc
505 _aÉtica de la conquista-Ética de la evangelización. -- Evangelización y ética /Antonio Hortelano. -- Ética y política en la conquista de América y en Juan del Valle /Roberto María Tisnés. -- Historia, teología y ética: La problemática moral de las indias en los autores del siglo XVI. / Francisco Moreno Rejón. -- Ética desde los pobres: La evangelización y los pobres / Antonio Hortelano. -- Ética y deuda externa /Ernesto Samper Pizano. -- La perspectiva del pobre en teología moral / Francisco Moreno Rejón
563 _aRústico
650 0 _aMisiones
_9154
650 0 _9362
_aEvangelización
700 _95542
_aTisnés, Roberto María,
_eautor
700 _95543
_aMoreno Rejón, Francisco
_eautor
700 _95544
_aSamper Pizano, Ernesto,
_eautor
942 _cBK
945 _aJTF-925
_bAEM-53
999 _c66849
_d66849